Guess The Brand! #30 - Statistics

General Stats
  • This quiz has been taken 50 times
  • The average score is 31 of 90
Answer Stats
Picture Answer % Correct
Microsoft Excel
85%
Microsoft Word
85%
Apple Pay
79%
Garfield
74%
Microsoft Powerpoint
74%
Stranger Things
72%
Twitch
72%
KIK
64%
ICEE
62%
The Voice
62%
New England Patriots
59%
Food Network
56%
Playstation Store
56%
YouTube Kids
56%
Bed Bath & Beyond
51%
Jurassic World
51%
Google Classroom
49%
Shopify
49%
Cleveland Cavaliers
46%
Google Docs
46%
Applebees
44%
Etsy
44%
Forever 21
44%
Google Sheets
44%
Lids
44%
Spectrum
44%
Xfinity
44%
Cincinnati Bengals
41%
Google Slides
41%
New York Yankees
41%
San Jose Sharks
41%
Shake Shack
41%
Buffalo Wild Wings
38%
Dodge Ram
38%
America's Got Talent
36%
Aveeno
36%
Dr Seuss
36%
Green Arrow
36%
IHeartRadio
36%
PUBG
36%
Booking.com
33%
Dippin Dots
33%
Fandango
33%
Fiverr
33%
Microsoft OneNote
33%
Party City
33%
Ralphs
33%
Zales
33%
Fitbit
31%
Stubhub
31%
Microsoft Paint
28%
Salesforce
28%
Supercuts
28%
Cuisinart
26%
Disney Jr
26%
Tillys
26%
TODAY
26%
Ancestry
23%
Microsoft Publisher
23%
Sherwin Williams
23%
Windows Store
23%
Disney Planes
21%
La Quinta
21%
Residence Inn
21%
Vons
21%
Craigslist
18%
Iphone 7
18%
SurveyMonkey
18%
Teavana
18%
24 Fitness
15%
Autodesk
15%
California Pizza Kitten
15%
Chromecast
15%
Dictionary.com
15%
File Explorer
15%
Google Adwords
15%
Hotwire
15%
Windows 8
15%
Anthropologie
13%
Apple Playgrounds
13%
Autocad
13%
Credit Karma
13%
Google Analytics
13%
Google Cardboard
13%
KAY Jewelries
13%
Microsoft Exchange
13%
Procreate
13%
Sketchbook
13%
Souplantation
13%
Toonsquid
13%
No matching quizzes found
Score Distribution
Percent of People with Each Score
Percentile by Number Answered
Your Score History
You have not taken this quiz